A companion to contemporary design since 1945 / (Record no. 31171)

MARC details
000 -LEADER
fixed length control field 02367nam a22003011i 4500
003 - CONTROL NUMBER IDENTIFIER
control field EG-ScBUE
005 - DATE AND TIME OF LATEST TRANSACTION
control field 20260406101306.0
008 - FIXED-LENGTH DATA ELEMENTS--GENERAL INFORMATION
fixed length control field 190723s2019 njua f b 001 0 eng d
020 ## - INTERNATIONAL STANDARD BOOK NUMBER
Cancelled/invalid ISBN 9781119111184
035 ## - SYSTEM CONTROL NUMBER
System control number (YBP)16084603
040 ## - CATALOGING SOURCE
Original cataloging agency NhCcYBP
Language of cataloging eng
Description conventions rda
Transcribing agency NhCcYBP
Modifying agency EG-ScBUE
082 04 - DEWEY DECIMAL CLASSIFICATION NUMBER
Classification number 745.400904
Edition number 22
Item number COM
245 02 - TITLE STATEMENT
Title A companion to contemporary design since 1945 /
Statement of responsibility, etc edited by Anne Massey.
264 #1 - PUBLICATION, DISTRIBUTION, ETC. (IMPRINT)
Place of publication, distribution, etc Hoboken, NJ :
Name of publisher, distributor, etc John Wiley & Sons, Inc.,
Date of publication, distribution, etc 2019.
300 ## - PHYSICAL DESCRIPTION
Extent xvii, 487 pages :
Other physical details illustrations ;
Dimensions 24 cm.
336 ## - CONTENT TYPE
Content type term text
Content type code txt
Source rdacontent
337 ## - MEDIA TYPE
Media type term computer
Media type code c
Source rdamedia
338 ## - CARRIER TYPE
Carrier type term online resource
Carrier type code cr
Source rdacarrier
490 1# - SERIES STATEMENT
Series statement Wiley Blackwell companions to art history
Volume number/sequential designation 15
504 ## - BIBLIOGRAPHY, ETC. NOTE
Bibliography, etc Includes bibliographical references and index.
505 0# - FORMATTED CONTENTS NOTE
Formatted contents note Contemporary design history / Sarah Teasley -- Nostalgia / Elizabeth Guffey -- Design futures / Damon Taylor -- Transnationalism for design history : knowledge production and decolonization through East Asian design history / Yuko Kikuchi -- African fashion design and the mobilization of tradition / Victoria L. Rovine -- Urban sights : from outdoor spaces to interior streets / Gregory Marinic -- Virtual space / Rina Arya -- Interior atmosphere / Lois Weinthal -- Home truths : identity and materiality in the postwar interior / Ben Highmore -- Design of contemporary mega events / Graeme Evans -- The vibrant object / Alexa Griffith Winton -- The consumed object / Jonathan Bean -- The object of design history : lessons for the environment / Kjetil Fallan -- The fashionable object / Christopher Breward -- The written object : design journalism, consumption and literature since 1945 / Grace Lees-Maffei -- De-stablizing the scenario of design : queer/trans/gender-neutral / John Potvin -- Luxury and design : another time, another place / Jonathan Faiers -- Amateur design / Paul Atkinson -- The professionalization of interior design / Mark Taylor and Natalie Haskell -- Design education in higher education / Vicky Gunn -- Design against consumerism / Paul Micklethwaite -- Guilty pleasures : taste, design and democracy / Malcolm Quinn.
650 #7 - SUBJECT ADDED ENTRY--TOPICAL TERM
Topical term or geographic name as entry element Design
General subdivision History
Chronological subdivision 20th century.
Source of heading or term BUEsh
650 #7 - SUBJECT ADDED ENTRY--TOPICAL TERM
Topical term or geographic name as entry element Design
General subdivision History
Chronological subdivision 21st century.
Source of heading or term BUEsh
653 ## - INDEX TERM--UNCONTROLLED
Arrived date list April2026
Resource For college Arts and Design
655 ## - INDEX TERM--GENRE/FORM
Form subdivision Reading book
700 1# - ADDED ENTRY--PERSONAL NAME
Personal name Massey, Anne,
Dates associated with a name 1956-
Relator term editor.
942 ## - ADDED ENTRY ELEMENTS (KOHA)
Source of classification or shelving scheme Dewey Decimal Classification
Koha item type Book - Borrowing
Holdings
Withdrawn status Lost status Source of classification or shelving scheme Damaged status Not for loan Collection code Home library Current library Shelving location Date acquired Source of acquisition Cost, normal purchase price Serial Enumeration / chronology Total Checkouts Full call number Barcode Date last seen Cost, replacement price Price effective from Koha item type
    Dewey Decimal Classification     Baccah Central Library Central Library Second Floor 06/04/2026 Purchase 9974.00 40179   745.400904 COM 000057586 06/04/2026 12467.50 06/04/2026 Book - Borrowing